000 00439nam a2200205Ia 4500
001 12753
003 GE_BSU
008 181216s||||||||xx |||||||||||||| ||und||
020 _a9780006510666
040 _cGE_BSU
080 _a821.111-312.4
100 _aHill,Reginald
245 4 _aThe Only Game
260 _aLondon
260 _bHarper Collins
260 _c1997
300 _a316p.18cm.
653 _aThe Only Game
942 _cBK
999 _c45924
_d45924